000 nam a22 a 4500
999 _c458704
_d458704
003 BLK
005 20220601103926.0
008 220601b bul|||||r ||||||| ||bul||
040 _aBLK
041 _aBUL
_cBUL
080 _aБългарска литература
_b821.163.2
_x-32
_z821.163.2-32
100 _91478
_aВълев, Кунчо
_eсъстав.
139 _aВълев, Кунчо
_bВ 92
245 1 0 _aПод сянката на лъжата
_b[Сб. от хуморист. разкази]
_cсъстав. Кунчо Вълев.
257 _aBGR
260 _aСофия
_bНС ОФ
_c1966
_9216848
300 _a84 с.
_c20 см
380 _aX
490 _9205950
_aБиблиотека за вярващи и невярващи
852 _aЦб 38802
_bЦб
942 _cKNG
_n0
_s1
944 _aCR
_c2022-06-01
_kГГГ